The silenced speak : self - expression in selected novels by Toni Morrison and Alice Walker / (رقم التسجيلة. 6274)

تفاصيل مارك
000 -LEADER
fixed length control field 011600000a22003010004500
003 - CONTROL NUMBER IDENTIFIER
control field EG-GICUC
005 - DATE AND TIME OF LATEST TRANSACTION
control field 20250223025128.0
008 - FIXED-LENGTH DATA ELEMENTS--GENERAL INFORMATION
fixed length control field 080119s2001 ua f m 000 0 eng d
040 ## - CATALOGING SOURCE
Original cataloging agency EG-GICUC
Language of cataloging eng
Transcribing agency EG-GICUC
041 0# - LANGUAGE CODE
Language code of text/sound track or separate title Eng
049 ## - LOCAL HOLDINGS (OCLC)
Holding library Deposite
097 ## - Thesis Degree
Thesis Level Ph.D
099 ## - LOCAL FREE-TEXT CALL NUMBER (OCLC)
Classification number Cai01.02.12.Ph.D.2001.Af.S
100 0# - MAIN ENTRY--PERSONAL NAME
Personal name Afaf Ahmed Hassan Alsaidi
245 14 - TITLE STATEMENT
Title The silenced speak : self - expression in selected novels by Toni Morrison and Alice Walker /
Statement of responsibility, etc. Afaf Ahmed Hassan Alsaidi ; Supervised Galila Ann Ragheb
246 15 - VARYING FORM OF TITLE
Title proper/short title الصامتون يتكلمون مظاهر التعبير عن الذات فى روايات مختارة للكانبتين تونى موريسون و اليس ووكر
260 ## - PUBLICATION, DISTRIBUTION, ETC.
Place of publication, distribution, etc. Cairo :
Name of publisher, distributor, etc. Afaf Ahmed Hassan Alsaidi ,
Date of publication, distribution, etc. 2001
300 ## - PHYSICAL DESCRIPTION
Extent 177P. ;
Dimensions 25cm
502 ## - DISSERTATION NOTE
Dissertation note Thesis (Ph.D.) - Cairo University - Faculty Of Arts - Department Of English
653 #4 - INDEX TERM--UNCONTROLLED
Uncontrolled term Alice Walker
653 #4 - INDEX TERM--UNCONTROLLED
Uncontrolled term English Literature
653 #4 - INDEX TERM--UNCONTROLLED
Uncontrolled term Toni Morrison
700 0# - ADDED ENTRY--PERSONAL NAME
Personal name Galila Ann Ragheb ,
Relator term
856 ## - ELECTRONIC LOCATION AND ACCESS
Uniform Resource Identifier <a href="http://172.23.153.220/th.pdf">http://172.23.153.220/th.pdf</a>
905 ## - LOCAL DATA ELEMENT E, LDE (RLIN)
Cataloger Esam
Reviser Revisor
905 ## - LOCAL DATA ELEMENT E, LDE (RLIN)
Cataloger Nazla
Reviser Cataloger
942 ## - ADDED ENTRY ELEMENTS (KOHA)
Source of classification or shelving scheme Dewey Decimal Classification
Koha item type Thesis
المقتنيات
Source of classification or shelving scheme Not for loan Home library Current library Date acquired Full call number Barcode Date last seen Koha item type
Dewey Decimal Classification   المكتبة المركزبة الجديدة - جامعة القاهرة قاعة الرسائل الجامعية - الدور الاول 11.02.2024 Cai01.02.12.Ph.D.2001.Af.S 01010110037534000 22.09.2023 Thesis
Cairo University Libraries Portal Implemented & Customized by: Eng. M. Mohamady Contacts: new-lib@cl.cu.edu.eg | cnul@cl.cu.edu.eg
CUCL logo CNUL logo
© All rights reserved — Cairo University Libraries
CUCL logo
Implemented & Customized by: Eng. M. Mohamady Contact: new-lib@cl.cu.edu.eg © All rights reserved — New Central Library
CNUL logo
Implemented & Customized by: Eng. M. Mohamady Contact: cnul@cl.cu.edu.eg © All rights reserved — Cairo National University Library